[Event "FRA-ch"]
[Site "?"]
[Date "1994.??.??"]
[Round "?"]
[White "Relange, Eloi"]
[Black "Roos, Louis"]
[Result "1-0"]
[WhiteElo "2445"]
[BlackElo "2440"]
[PlyCount "219"]
[EventDate "1994.08.??"]
[Source "ChessBase"]
[SourceDate "1996.11.15"]

1. d4 d5 2. c4 c6 3. Nf3 Nf6 4. cxd5 cxd5 5. Nc3 Nc6 6. Bf4 e6 7. e3 Be7 8. Bd3
Bd7 9. Nd2 Na5 10. Nb5 Bxb5 11. Bxb5+ Nc6 12. Qa4 Qb6 13. O-O O-O 14. h3 Rfc8
15. Rac1 a6 16. Bxc6 bxc6 17. Rc2 Qb5 18. Qb3 Bb4 19. Nf3 Bf8 20. Rfc1 Ne4 21.
Ne5 Qxb3 22. axb3 Rcb8 23. f3 Nd6 24. Nd7 Rd8 25. Nxf8 Kxf8 26. Rxc6 Ke7 27.
Rb6 Rd7 28. Rcc6 Nc8 29. Rxa6 Rxa6 30. Rxa6 Rb7 31. Rc6 Kd7 32. Rc3 Na7 33. Kf2
Nc6 34. Ke2 f6 35. Bg3 h5 36. Kd2 g6 37. Bh4 g5 38. Bf2 f5 39. Bg3 Rb4 40. Be5
Rb7 41. Bf6 g4 42. hxg4 hxg4 43. fxg4 fxg4 44. e4 dxe4 45. Rg3 Kd6 46. Kc3 Rc7
47. Kd2 Rb7 48. Rxg4 Rxb3 49. Kc2 Re3 50. Bg7 Nb4+ 51. Kd2 Rd3+ 52. Ke2 Ke7 53.
Be5 Rb3 54. Rxe4 Rxb2+ 55. Kf3 Nc6 56. Bh8 Rb3+ 57. Kf4 Rb8 58. d5 Rf8+ 59. Ke3
Nd8 60. Bc3 Kd7 61. dxe6+ Nxe6 62. g4 Ng5 63. Re5 Rf3+ 64. Kd2 Ne6 65. Ra5 Rg3
66. Ra4 Kd6 67. Bf6 Nc5 68. Rf4 Ne6 69. Rb4 Kc5 70. Ra4 Rf3 71. g5 Rg3 72. Ra5+
Kc6 73. Ke2 Nc5 74. Be7 Ne4 75. Re5 Nxg5 76. Bxg5 Rb3 77. Be3 Kd6 78. Rh5 Ke6
79. Rh4 Kd7 80. Kf3 Rb1 81. Ke4 Re1 82. Rh6 Ke7 83. Ra6 Kd7 84. Kd4 Ke7 85. Bf4
Rd1+ 86. Ke4 Re1+ 87. Kf5 Rd1 88. Rc6 Rd5+ 89. Be5 Rd1 90. Rc8 Rf1+ 91. Bf4 Rf2
92. Rc7+ Kf8 93. Ke5 Kg8 94. Bg5 Rf7 95. Be7 Kh7 96. Ke6 Kg6 97. Rc5 Rf3 98.
Rg5+ Kh6 99. Bf6 Re3+ 100. Kf7 Rf3 101. Rg4 Rf5 102. Rb4 Ra5 103. Ke6 Ra3 104.
Rf4 Kg6 105. Rg4+ Kh5 106. Rg5+ Kh6 107. Rg2 Kh5 108. Be5 Rf3 109. Bd4 Kh6 110.
Ke5 1-0

[Event "FRA-ch"]
[Site "?"]
[Date "1994.??.??"]
[Round "?"]
[White "Relange, Eloi"]
[Black "Vareille, Francois"]
[Result "1/2-1/2"]
[WhiteElo "2445"]
[BlackElo "2430"]
[PlyCount "39"]
[EventDate "1994.08.??"]
[Source "ChessBase"]
[SourceDate "1996.11.15"]

1. c4 g6 2. Nc3 Bg7 3. g3 e5 4. Nf3 Nc6 5. Bg2 f5 6. O-O Nf6 7. d4 e4 8. Ng5 h6
9. Nh3 O-O 10. b3 d5 11. Nf4 g5 12. cxd5 Ne7 13. Ne6 Bxe6 14. dxe6 Qd6 15. e3
Qxe6 16. Ba3 Rf7 17. Bxe7 Rxe7 18. Qe2 Rae8 19. Qc4 c6 20. Qxe6+ 1/2-1/2

[Event "FRA-ch"]
[Site "?"]
[Date "1994.??.??"]
[Round "?"]
[White "Roos, Jean Luc"]
[Black "Anic, Darko"]
[Result "0-1"]
[WhiteElo "2405"]
[BlackElo "2445"]
[PlyCount "70"]
[EventDate "1994.08.??"]
[Source "ChessBase"]
[SourceDate "1996.11.15"]

1. e4 c6 2. d4 d5 3. Nd2 dxe4 4. Nxe4 Nf6 5. Nxf6+ gxf6 6. Nf3 Bg4 7. Be2 Qc7
8. h3 Bh5 9. O-O Nd7 10. c4 O-O-O 11. Qa4 Kb8 12. Be3 Nb6 13. Qc2 Bg6 14. Qc3
Rg8 15. Nh4 e5 16. Nxg6 hxg6 17. a4 a5 18. dxe5 Bb4 19. Qc2 fxe5 20. Rad1 Nd7
21. c5 f5 22. f4 Ka8 23. Bc4 Rg7 24. Bb3 exf4 25. Bxf4 Bxc5+ 26. Kh1 Qb6 27.
Qc3 Bf8 28. Bg5 Rb8 29. Bf4 Re8 30. Rfe1 Rxe1+ 31. Rxe1 Re7 32. Rxe7 Bxe7 33.
Be6 Bb4 34. Qg7 Qf2 35. Qg8+ Nf8 0-1

[Event "FRA-ch"]
[Site "?"]
[Date "1994.??.??"]
[Round "?"]
[White "Roos, Jean Luc"]
[Black "Bauer, Christian"]
[Result "0-1"]
[WhiteElo "2405"]
[BlackElo "2420"]
[PlyCount "86"]
[EventDate "1994.08.??"]
[Source "ChessBase"]
[SourceDate "1996.11.15"]

1. e4 Nc6 2. Nf3 e5 3. Bc4 Bc5 4. d3 d6 5. O-O Bg4 6. c3 Qd7 7. Nbd2 Nf6 8. b4
Bb6 9. a4 a5 10. Bb5 axb4 11. cxb4 O-O 12. a5 Bd4 13. Ra3 Rfe8 14. Qa4 d5 15.
Nxd4 exd4 16. f3 Be6 17. Nb3 Qd6 18. Nc5 Bc8 19. e5 Rxe5 20. Bf4 Nh5 21. Bxe5
Nxe5 22. Qc2 b6 23. Na4 bxa5 24. f4 Ng4 25. Qc6 Qxc6 26. Bxc6 axb4 27. Rb3 Ra6
28. Bb5 Re6 29. Rxb4 g6 30. Rxd4 c6 31. Nc5 cxb5 32. Rxd5 Rc6 33. g3 Kg7 34.
Rb1 Nhf6 35. Rd8 Rxc5 36. d4 Rc2 37. Rxb5 Bf5 38. h3 Ne3 39. Rb3 Nfd5 40. g4
Be4 41. Re8 Rg2+ 42. Kh1 Rb2+ 43. Rxe4 Rxb3 0-1

[Event "FRA-ch"]
[Site "?"]
[Date "1994.??.??"]
[Round "?"]
[White "Roos, Jean Luc"]
[Black "Bricard, Emmanuel"]
[Result "0-1"]
[WhiteElo "2405"]
[BlackElo "2455"]
[PlyCount "64"]
[EventDate "1994.08.??"]
[Source "ChessBase"]
[SourceDate "1996.11.15"]

1. e4 g6 2. d4 Bg7 3. Nf3 c6 4. h3 d5 5. Nc3 Nf6 6. exd5 cxd5 7. Bd3 O-O 8. O-O
Nc6 9. a3 Bf5 10. Bxf5 gxf5 11. Qd3 Ne4 12. Bf4 Rc8 13. Qe3 e6 14. Ne2 Na5 15.
Ne1 Nc4 16. Qc1 Qb6 17. b3 Ncd6 18. Bh6 Nb5 19. Bxg7 Kxg7 20. Nf3 Qc7 21. Ng3
f6 22. Nh5+ Kh8 23. c4 dxc4 24. bxc4 Nbc3 25. Re1 Rg8 26. c5 b6 27. Nh4 Qf7 28.
Nf4 bxc5 29. d5 Nxd5 30. Nxd5 exd5 31. Nxf5 Qg6 32. g4 Qxf5 0-1

[Event "FRA-ch"]
[Site "?"]
[Date "1994.??.??"]
[Round "?"]
[White "Roos, Jean Luc"]
[Black "Chabanon, Jean Luc"]
[Result "0-1"]
[WhiteElo "2405"]
[BlackElo "2475"]
[PlyCount "50"]
[EventDate "1994.08.??"]
[Source "ChessBase"]
[SourceDate "1996.11.15"]

1. e4 d6 2. d4 Nf6 3. Nc3 g6 4. Nf3 Bg7 5. Be2 O-O 6. O-O c5 7. dxc5 dxc5 8.
Qxd8 Rxd8 9. Bg5 Nc6 10. Bb5 Nd4 11. Nxd4 cxd4 12. Ne2 h6 13. Bxf6 Bxf6 14.
Rfd1 Bd7 15. Bd3 Rac8 16. f4 e5 17. Rf1 Rc5 18. a4 Rdc8 19. b4 Rxc2 20. fxe5
Bxe5 21. Bxc2 Rxc2 22. Nf4 d3 23. Rad1 d2 24. Ne2 Bxa4 25. Kf2 Rb2 0-1

[Event "FRA-ch"]
[Site "?"]
[Date "1994.??.??"]
[Round "?"]
[White "Roos, Jean Luc"]
[Black "Chomet, Pascal"]
[Result "1/2-1/2"]
[WhiteElo "2405"]
[BlackElo "2355"]
[PlyCount "41"]
[EventDate "1994.08.??"]
[Source "ChessBase"]
[SourceDate "1996.11.15"]

1. e4 e5 2. Nf3 Nc6 3. Bc4 Bc5 4. d3 Nf6 5. O-O d6 6. c3 Bb6 7. Nbd2 Ne7 8. Qb3
O-O 9. Ng5 Qe8 10. a4 c6 11. a5 Bc7 12. d4 exd4 13. cxd4 d5 14. Bd3 Bf4 15.
Ngf3 Bxd2 16. Nxd2 dxe4 17. Nxe4 Nxe4 18. Bxe4 Bf5 19. Bf3 Qd7 20. Bd2 Be6 21.
Qd3 1/2-1/2

[Event "FRA-ch"]
[Site "?"]
[Date "1994.??.??"]
[Round "?"]
[White "Roos, Jean Luc"]
[Black "Santo Roman, Marc"]
[Result "1/2-1/2"]
[WhiteElo "2405"]
[BlackElo "2420"]
[PlyCount "90"]
[EventDate "1994.08.??"]
[Source "ChessBase"]
[SourceDate "1996.11.15"]

1. e4 c5 2. Nc3 e6 3. Nge2 Nc6 4. g3 a6 5. Bg2 Qc7 6. O-O Nf6 7. d3 d6 8. f4
Be7 9. f5 e5 10. h3 h6 11. g4 b5 12. g5 hxg5 13. Bxg5 Qd8 14. Ng3 Bb7 15. Bxf6
Bxf6 16. Nd5 Nb8 17. a4 b4 18. Ne3 a5 19. Nh5 Nd7 20. c3 Rh7 21. cxb4 axb4 22.
Nc4 Nb8 23. a5 Ra6 24. Qg4 Nc6 25. Bf3 Nd4 26. Bd1 Ke7 27. Kh2 Bc6 28. Rg1 Qh8
29. Rg3 Rh6 30. Nb6 Bb7 31. Kg2 g6 32. fxg6 Rxb6 33. g7 Bxg7 34. Nxg7 Ra6 35.
Nf5+ Nxf5 36. Qxf5 Rf6 37. Qg5 Bc8 38. Bg4 Bxg4 39. hxg4 Ra8 40. Rf3 Rg8 41.
Qxf6+ Qxf6 42. Rxf6 Kxf6 43. Kf3 Ra8 44. a6 Ra7 45. b3 Kg5 1/2-1/2

[Event "FRA-ch"]
[Site "?"]
[Date "1994.??.??"]
[Round "?"]
[White "Roos, Jean Luc"]
[Black "Vareille, Francois"]
[Result "0-1"]
[WhiteElo "2405"]
[BlackElo "2430"]
[PlyCount "48"]
[EventDate "1994.08.??"]
[Source "ChessBase"]
[SourceDate "1996.11.15"]

1. e4 e6 2. d4 d5 3. e5 c5 4. c3 Nc6 5. Nf3 Qb6 6. a3 Nh6 7. b4 cxd4 8. Bxh6
gxh6 9. cxd4 Rg8 10. Nc3 Bd7 11. Na4 Qd8 12. Nc5 Bxc5 13. bxc5 f6 14. Bd3 fxe5
15. dxe5 Rxg2 16. Rb1 Qc7 17. Kf1 Rg7 18. Qd2 Rf7 19. Qe2 O-O-O 20. Ba6 Na5 21.
Nd4 Rdf8 22. Bxb7+ Nxb7 23. Qa6 Rxf2+ 24. Kg1 R2f4 0-1

[Event "FRA-ch"]
[Site "?"]
[Date "1994.??.??"]
[Round "?"]
[White "Roos, Louis"]
[Black "Anic, Darko"]
[Result "0-1"]
[WhiteElo "2440"]
[BlackElo "2445"]
[PlyCount "50"]
[EventDate "1994.08.??"]
[Source "ChessBase"]
[SourceDate "1996.11.15"]

1. c4 c5 2. Nc3 g6 3. g3 Bg7 4. Bg2 Nc6 5. Nf3 e6 6. e4 Nge7 7. O-O O-O 8. Nh4
b6 9. d3 Bb7 10. f4 f5 11. a3 d6 12. Bd2 Qd7 13. Rb1 Nd4 14. b4 cxb4 15. axb4
fxe4 16. Nxe4 d5 17. cxd5 Bxd5 18. Re1 Nef5 19. Nf3 Nxf3+ 20. Qxf3 Rad8 21. g4
Nh4 22. Qh3 Nxg2 23. Qxg2 Ba2 24. Ra1 Bxa1 25. Rxa1 Qd4+ 0-1

[Event "FRA-ch"]
[Site "?"]
[Date "1994.??.??"]
[Round "?"]
[White "Roos, Louis"]
[Black "Bauer, Christian"]
[Result "1/2-1/2"]
[WhiteElo "2440"]
[BlackElo "2420"]
[PlyCount "122"]
[EventDate "1994.08.??"]
[Source "ChessBase"]
[SourceDate "1996.11.15"]

1. e4 e6 2. d4 d5 3. e5 c5 4. c3 Nc6 5. Nf3 Nge7 6. Bd3 cxd4 7. cxd4 Nf5 8. Be3
Qb6 9. Qd2 Be7 10. Nc3 Nxe3 11. fxe3 Bd7 12. O-O O-O 13. Rad1 Rac8 14. Kh1 Na5
15. Qf2 Nc4 16. b3 Na3 17. Ne2 Bb5 18. Nf4 Bxd3 19. Rxd3 Rc2 20. Qg3 Qa6 21.
Rdd1 Nb5 22. Nh5 g6 23. Nf6+ Bxf6 24. exf6 Nd6 25. Ng5 h5 26. Rde1 Rfc8 27. h3
Nf5 28. Qe5 h4 29. Rxf5 exf5 30. Nxf7 Qa5 31. Rg1 Rc1 32. Rxc1 Rxc1+ 33. Kh2
Rc8 34. Qe6 Qc7+ 35. Nd6+ Kh7 36. Qe7+ Kh6 37. Qe5 g5 38. Nxc8 Qxc8 39. Qe7 g4
40. Qg7+ Kh5 41. Qf7+ Kh6 42. Qg7+ Kh5 43. hxg4+ fxg4 44. Qh7+ Kg5 45. g3 h3
46. f7 Kf6 47. f8=R+ Qxf8 48. Qxb7 Qe8 49. Qa6+ Kg5 50. Qe2 Qe4 51. b4 Qb1 52.
b5 Qb4 53. Qf2 Kg6 54. Qc2+ Kg5 55. a4 Qc4 56. Qd2 Kg6 57. Qb2 Qxa4 58. Qe2 Kg5
59. Qf2 Kg6 60. Qe2 Kf5 61. Qf2+ Kg6 1/2-1/2

[Event "FRA-ch"]
[Site "?"]
[Date "1994.??.??"]
[Round "?"]
[White "Roos, Louis"]
[Black "Chabanon, Jean Luc"]
[Result "1/2-1/2"]
[WhiteElo "2440"]
[BlackElo "2475"]
[PlyCount "44"]
[EventDate "1994.08.??"]
[Source "ChessBase"]
[SourceDate "1996.11.15"]

1. e4 e5 2. Nf3 d6 3. Nc3 Nf6 4. d4 exd4 5. Nxd4 Be7 6. Bc4 O-O 7. O-O a6 8. a4
Nc6 9. Re1 Nb4 10. Nd5 Nfxd5 11. exd5 Bf6 12. Bb3 Re8 13. Be3 a5 14. c3 Na6 15.
Bc2 g6 16. Qd2 Bd7 17. Bh6 Re5 18. Nf3 Rh5 19. Be3 Bg4 20. Bd1 Nc5 21. Bxc5
dxc5 22. Qf4 Bxf3 1/2-1/2

[Event "FRA-ch"]
[Site "?"]
[Date "1994.??.??"]
[Round "?"]
[White "Roos, Louis"]
[Black "Chomet, Pascal"]
[Result "1-0"]
[WhiteElo "2440"]
[BlackElo "2355"]
[PlyCount "67"]
[EventDate "1994.08.??"]
[Source "ChessBase"]
[SourceDate "1996.11.15"]

1. e4 e5 2. Nf3 Nf6 3. d3 d6 4. g3 Be7 5. Bg2 O-O 6. c3 c6 7. Nbd2 Nbd7 8. O-O
Ne8 9. d4 b5 10. Re1 Bb7 11. b3 c5 12. Bb2 Qc7 13. Qe2 a6 14. a4 bxa4 15. Rxa4
Nef6 16. Ra2 Rfe8 17. dxe5 dxe5 18. Rea1 a5 19. Ne1 Reb8 20. Nc2 Bd8 21. Ne3
Bc6 22. Nd5 Qb7 23. c4 a4 24. f4 exf4 25. gxf4 axb3 26. Rxa8 Rxa8 27. Rxa8 Qxa8
28. Nxb3 Qb8 29. e5 Qxb3 30. Nxf6+ Nxf6 31. Bxc6 Nh5 32. e6 Nxf4 33. exf7+ Kxf7
34. Qe8# 1-0

[Event "FRA-ch"]
[Site "?"]
[Date "1994.??.??"]
[Round "?"]
[White "Roos, Louis"]
[Black "Roos, Jean Luc"]
[Result "1/2-1/2"]
[WhiteElo "2440"]
[BlackElo "2405"]
[PlyCount "36"]
[EventDate "1994.08.??"]
[Source "ChessBase"]
[SourceDate "1996.11.15"]

1. e4 e6 2. d4 d5 3. exd5 exd5 4. Nf3 Nf6 5. Bd3 Bd6 6. O-O O-O 7. Bg5 Bg4 8.
c3 c6 9. Nbd2 Nbd7 10. Bh4 Bh5 11. Qc2 Qc7 12. Bg3 Bg6 13. Rfe1 Rfe8 14. Kf1
Bxg3 15. hxg3 Qd6 16. Bxg6 hxg6 17. Rxe8+ Rxe8 18. Re1 Rxe1+ 1/2-1/2

[Event "FRA-ch"]
[Site "?"]
[Date "1994.??.??"]
[Round "?"]
[White "Roos, Louis"]
[Black "Santo Roman, Marc"]
[Result "0-1"]
[WhiteElo "2440"]
[BlackElo "2420"]
[PlyCount "70"]
[EventDate "1994.08.??"]
[Source "ChessBase"]
[SourceDate "1996.11.15"]

1. e4 Nf6 2. e5 Nd5 3. d4 d6 4. Nf3 g6 5. c4 Nb6 6. exd6 cxd6 7. Be2 Bg7 8. Be3
O-O 9. Nc3 d5 10. c5 Nc4 11. Bxc4 dxc4 12. Qa4 b6 13. Qxc4 bxc5 14. Qxc5 Nd7
15. Qa3 Nb6 16. O-O Bb7 17. Rfd1 Qd7 18. Ne1 Rfc8 19. Rac1 Nc4 20. Qb3 Nxe3 21.
fxe3 Bh6 22. Nc2 Rab8 23. Rf1 e6 24. Qa3 Ba8 25. Rb1 Bf8 26. Qa5 f5 27. Kh1 Rb6
28. Qe5 Qb7 29. Rg1 Bg7 30. Qa5 Rxb2 31. Na3 Bh6 32. Rxb2 Qxb2 33. Nab5 Bxe3
34. Nd1 Qd2 35. Nxe3 Qxa5 0-1

[Event "FRA-ch"]
[Site "?"]
[Date "1994.??.??"]
[Round "?"]
[White "Santo Roman, Marc"]
[Black "Apicella, Manuel"]
[Result "1-0"]
[WhiteElo "2420"]
[BlackElo "2465"]
[PlyCount "56"]
[EventDate "1994.08.??"]
[Source "ChessBase"]
[SourceDate "1996.11.15"]

1. e4 e6 2. d3 d5 3. Nd2 Nf6 4. g3 dxe4 5. dxe4 Bc5 6. Bg2 Nc6 7. Qe2 e5 8. c3
a5 9. a4 O-O 10. Ngf3 b6 11. O-O Ba6 12. Nc4 Qe7 13. Nfd2 Rfd8 14. Bh3 Ne8 15.
b3 Nd6 16. Re1 Nxc4 17. Nxc4 b5 18. axb5 Bxb5 19. Bf1 a4 20. bxa4 Bxa4 21. Rb1
Rab8 22. Rxb8 Nxb8 23. Ne3 Bxe3 24. Bxe3 h6 25. Qc4 Bd1 26. Ba7 Qd6 27. Re3 Qc6
28. Rd3 Rd4 1-0

[Event "FRA-ch"]
[Site "?"]
[Date "1994.??.??"]
[Round "?"]
[White "Santo Roman, Marc"]
[Black "Bricard, Emmanuel"]
[Result "1/2-1/2"]
[WhiteElo "2420"]
[BlackElo "2455"]
[PlyCount "67"]
[EventDate "1994.08.??"]
[Source "ChessBase"]
[SourceDate "1996.11.15"]

1. e4 g6 2. d4 Bg7 3. Bc4 c6 4. Nc3 d6 5. Qf3 Nf6 6. e5 dxe5 7. dxe5 Nd5 8.
Nxd5 cxd5 9. Bxd5 O-O 10. Bxb7 Qa5+ 11. c3 Bxb7 12. Qxb7 Na6 13. Nf3 Nc5 14. b4
Nxb7 15. bxa5 Nxa5 16. Be3 Nc6 17. Bd4 Rfb8 18. O-O Rb2 19. Rfd1 Rc8 20. Rdb1
Rcb8 21. Rxb2 Rxb2 22. Kf1 e6 23. a4 h6 24. a5 Kf8 25. Bc5+ Ke8 26. Nd4 Kd7 27.
Nxc6 Kxc6 28. Bxa7 Kb7 29. Bd4 Ka6 30. Ra4 Rb5 31. Rb4 Kxa5 32. Rxb5+ Kxb5 33.
Ke2 Kc4 34. f4 1/2-1/2

[Event "FRA-ch"]
[Site "?"]
[Date "1994.??.??"]
[Round "?"]
[White "Santo Roman, Marc"]
[Black "Hauchard, Arnaud"]
[Result "1/2-1/2"]
[WhiteElo "2420"]
[BlackElo "2470"]
[PlyCount "55"]
[EventDate "1994.08.??"]
[Source "ChessBase"]
[SourceDate "1996.11.15"]

1. e4 c6 2. d4 d5 3. f3 e5 4. dxe5 Bc5 5. Nc3 Qb6 6. Na4 Qa5+ 7. c3 Bxg1 8.
Rxg1 dxe4 9. Bf4 Ne7 10. fxe4 c5 11. Bc4 O-O 12. Bd5 Nbc6 13. Kf2 Ng6 14. Be3
Ncxe5 15. Bxc5 Ng4+ 16. Ke1 Re8 17. b4 Qd8 18. Kd2 Nf6 19. Kc2 Nxd5 20. Qxd5
Bd7 21. Nb2 Bc6 22. Qxd8 Raxd8 23. Bxa7 Bxe4+ 24. Kb3 Rd2 25. a4 Bd5+ 26. c4
Bxg2 27. Rad1 Rde2 28. Nd3 1/2-1/2

[Event "FRA-ch"]
[Site "?"]
[Date "1994.??.??"]
[Round "?"]
[White "Seret, Jean Luc"]
[Black "Apicella, Manuel"]
[Result "0-1"]
[WhiteElo "2425"]
[BlackElo "2465"]
[PlyCount "76"]
[EventDate "1994.08.??"]
[Source "ChessBase"]
[SourceDate "1996.11.15"]

1. e4 e6 2. d3 d5 3. Nd2 Nf6 4. Ngf3 dxe4 5. dxe4 Bc5 6. Bd3 Nc6 7. O-O e5 8.
Bb5 O-O 9. c3 a5 10. a3 Qe7 11. Rb1 Bg4 12. h3 Bh5 13. b4 axb4 14. axb4 Ba7 15.
Qc2 Nd8 16. Nh4 c6 17. Nf5 Qc7 18. Bd3 Ne6 19. Re1 b5 20. Nb3 Rad8 21. Be3 Bxe3
22. Rxe3 Rd7 23. c4 bxc4 24. Qxc4 Bg6 25. Rc1 Rfd8 26. Bf1 Nd4 27. g4 Bxf5 28.
exf5 Nd5 29. Rg3 Nf4 30. Nc5 Rd5 31. Qa2 Nde2+ 32. Bxe2 Rd2 33. Qxd2 Rxd2 34.
Bf1 h6 35. f6 Qd8 36. fxg7 Rxf2 37. Re1 Qd4 38. Re4 Rg2+ 0-1

[Event "FRA-ch"]
[Site "?"]
[Date "1994.??.??"]
[Round "?"]
[White "Seret, Jean Luc"]
[Black "Koch, Jean Rene"]
[Result "0-1"]
[WhiteElo "2425"]
[BlackElo "2475"]
[PlyCount "58"]
[EventDate "1994.08.??"]
[Source "ChessBase"]
[SourceDate "1996.11.15"]

1. e4 d5 2. exd5 Nf6 3. Bb5+ Bd7 4. Qe2 Nxd5 5. d4 Bxb5 6. Qxb5+ Nc6 7. Nf3
Ndb4 8. O-O e6 9. c4 Nc2 10. d5 a6 11. Qa4 Nxa1 12. dxc6 b5 13. cxb5 axb5 14.
Qxb5 Rxa2 15. Bg5 f6 16. Nc3 Ra8 17. Re1 Be7 18. Bxf6 gxf6 19. Qh5+ Kf8 20.
Rxe6 Nb3 21. Nd5 Ra5 22. g3 Rxd5 23. Qh6+ Kf7 24. Re3 Nc5 25. Qh3 Qc8 26. Qh4
Qf5 27. Qc4 Ne6 28. Nh4 Rd1+ 29. Kg2 Qd5+ 0-1

[Event "FRA-ch"]
[Site "?"]
[Date "1994.??.??"]
[Round "?"]
[White "Seret, Jean Luc"]
[Black "Prie, Eric"]
[Result "1/2-1/2"]
[WhiteElo "2425"]
[BlackElo "2475"]
[PlyCount "42"]
[EventDate "1994.08.??"]
[Source "ChessBase"]
[SourceDate "1996.11.15"]

1. e4 d5 2. exd5 Qxd5 3. Nc3 Qa5 4. Nf3 c6 5. Be2 Nf6 6. O-O Bg4 7. h3 Bh5 8.
d4 e6 9. Bf4 Nbd7 10. Ne5 Nxe5 11. dxe5 Rd8 12. Qe1 Bxe2 13. Qxe2 Nd5 14. Nxd5
Rxd5 15. Qg4 g6 16. c4 Rd4 17. Rfd1 Rxd1+ 18. Qxd1 Be7 19. a3 Qc7 20. Qd4 c5
21. Qe4 O-O 1/2-1/2

[Event "FRA-ch"]
[Site "?"]
[Date "1994.??.??"]
[Round "?"]
[White "Seret, Jean Luc"]
[Black "Relange, Eloi"]
[Result "1-0"]
[WhiteElo "2425"]
[BlackElo "2445"]
[PlyCount "95"]
[EventDate "1994.08.??"]
[Source "ChessBase"]
[SourceDate "1996.11.15"]

1. Nf3 d5 2. d3 Bg4 3. Nbd2 Nd7 4. h3 Bh5 5. c4 dxc4 6. g4 Bg6 7. Nxc4 c6 8.
Bf4 h5 9. g5 e5 10. Ncxe5 Bb4+ 11. Bd2 Nxe5 12. Nxe5 Qxg5 13. Bxb4 Qxe5 14. Bc3
Qe6 15. Bxg7 Rh7 16. Bc3 O-O-O 17. Qb3 Qf5 18. Rg1 Nf6 19. Rg3 Nd5 20. e4 Re8
21. Be2 Qe6 22. O-O-O Qd6 23. exd5 Rxe2 24. dxc6 Qxc6 25. Kb1 h4 26. Re3 Rxe3
27. fxe3 Rh5 28. Bd4 Kb8 29. Qa3 b6 30. Qe7 Qc7 31. Qxc7+ Kxc7 32. e4 Kd6 33.
Rg1 Ke6 34. Kc2 Bh7 35. Kd2 Bg6 36. Ke3 Kd6 37. a3 Kc6 38. Kf4 Kd6 39. Rg5 Rh7
40. Bc3 Ke6 41. d4 Rh5 42. d5+ Kd6 43. Bb4+ Kd7 44. Rxh5 Bxh5 45. Ke3 Bd1 46.
Be1 f5 47. e5 Bc2 48. Bxh4 1-0

[Event "FRA-ch"]
[Site "?"]
[Date "1994.??.??"]
[Round "?"]
[White "Seret, Jean Luc"]
[Black "Roos, Jean Luc"]
[Result "1-0"]
[WhiteElo "2425"]
[BlackElo "2405"]
[PlyCount "61"]
[EventDate "1994.08.??"]
[Source "ChessBase"]
[SourceDate "1996.11.15"]

1. e4 e6 2. d3 d5 3. Nd2 c5 4. Ngf3 Nc6 5. g3 g6 6. Bg2 Bg7 7. O-O Nge7 8. Re1
b6 9. c3 a5 10. exd5 Nxd5 11. Nc4 O-O 12. h4 Ra7 13. Qa4 Bd7 14. Qc2 a4 15. a3
Qc7 16. Nh2 Na5 17. Bxd5 exd5 18. Bf4 Qd8 19. Nxa5 Rxa5 20. Qd2 d4 21. Bh6 dxc3
22. bxc3 Bc6 23. Bxg7 Qd5 24. Re4 Kxg7 25. Rae1 c4 26. Ng4 Qd6 27. Rd4 Qxa3 28.
Qh6+ Kh8 29. Nf6 Rh5 30. Nxh5 gxh5 31. Qxc6 1-0

[Event "FRA-ch"]
[Site "?"]
[Date "1994.??.??"]
[Round "?"]
[White "Seret, Jean Luc"]
[Black "Sharif, Mershad"]
[Result "1/2-1/2"]
[WhiteElo "2425"]
[BlackElo "2455"]
[PlyCount "37"]
[EventDate "1994.08.??"]
[Source "ChessBase"]
[SourceDate "1996.11.15"]

1. e4 e6 2. d3 d5 3. Nd2 Nf6 4. Ngf3 c5 5. g3 Nc6 6. Bg2 g6 7. O-O Bg7 8. exd5
Nxd5 9. Nb3 b6 10. c4 Nc7 11. Bf4 O-O 12. Qe2 Bb7 13. Rad1 Qc8 14. Ne5 Nxe5 15.
Bxe5 Bxg2 16. Kxg2 Qb7+ 17. Kg1 Bxe5 18. Qxe5 f6 19. Qe4 1/2-1/2

[Event "FRA-ch"]
[Site "?"]
[Date "1994.??.??"]
[Round "?"]
[White "Sharif, Mershad"]
[Black "Apicella, Manuel"]
[Result "1/2-1/2"]
[WhiteElo "2455"]
[BlackElo "2465"]
[PlyCount "33"]
[EventDate "1994.08.??"]
[Source "ChessBase"]
[SourceDate "1996.11.15"]

1. d4 d5 2. Nf3 e6 3. Bf4 Bd6 4. Bg3 Nf6 5. Nbd2 Nbd7 6. e3 Bxg3 7. hxg3 c5 8.
c3 Qc7 9. Bd3 h6 10. Rc1 e5 11. dxe5 Nxe5 12. Nxe5 Qxe5 13. Qa4+ Bd7 14. Bb5
Qe6 15. c4 dxc4 16. Rxc4 O-O 17. O-O 1/2-1/2

[Event "FRA-ch"]
[Site "?"]
[Date "1994.??.??"]
[Round "?"]
[White "Sharif, Mershad"]
[Black "Chomet, Pascal"]
[Result "1/2-1/2"]
[WhiteElo "2455"]
[BlackElo "2355"]
[PlyCount "60"]
[EventDate "1994.08.??"]
[Source "ChessBase"]
[SourceDate "1996.11.15"]

1. d4 Nf6 2. Nf3 e6 3. Bg5 c5 4. e3 b6 5. Nbd2 Bb7 6. Bd3 d6 7. O-O Nbd7 8. Re1
Be7 9. h3 O-O 10. c3 cxd4 11. exd4 Nd5 12. Bxe7 Qxe7 13. Bf1 N7f6 14. c4 Nf4
15. b4 Qc7 16. Rc1 Rfe8 17. Qb3 e5 18. Qb2 e4 19. Nh2 Re7 20. Qa3 Ng6 21. c5
dxc5 22. dxc5 Bd5 23. c6 Rae8 24. Rc3 h5 25. b5 Nf4 26. Rce3 Ne6 27. Nb3 a5 28.
bxa6 Bxc6 29. Rc1 Qd7 30. Rce1 Bd5 1/2-1/2

[Event "FRA-ch"]
[Site "?"]
[Date "1994.??.??"]
[Round "?"]
[White "Sharif, Mershad"]
[Black "Hauchard, Arnaud"]
[Result "1/2-1/2"]
[WhiteElo "2455"]
[BlackElo "2470"]
[PlyCount "30"]
[EventDate "1994.08.??"]
[Source "ChessBase"]
[SourceDate "1996.11.15"]

1. d4 Nf6 2. c4 e6 3. Nc3 Bb4 4. Qc2 c5 5. dxc5 Bxc5 6. Nf3 Qb6 7. e3 Be7 8. a3
d6 9. Bd3 Nbd7 10. b4 a6 11. O-O Qc7 12. Bb2 b6 13. h3 Bb7 14. e4 Rc8 15. Qe2
O-O 1/2-1/2

[Event "FRA-ch"]
[Site "?"]
[Date "1994.??.??"]
[Round "?"]
[White "Sharif, Mershad"]
[Black "Prie, Eric"]
[Result "1/2-1/2"]
[WhiteElo "2455"]
[BlackElo "2475"]
[PlyCount "123"]
[EventDate "1994.08.??"]
[Source "ChessBase"]
[SourceDate "1996.11.15"]

1. d4 d5 2. c4 c6 3. Nc3 Nf6 4. cxd5 cxd5 5. Bf4 Qb6 6. Rc1 Bd7 7. e3 Qxb2 8.
Bd3 a6 9. Nge2 Qa3 10. e4 dxe4 11. Nxe4 Nd5 12. O-O e6 13. Bc4 Bb4 14. Bxd5
exd5 15. N4c3 O-O 16. Bd2 Be6 17. Nf4 Nc6 18. Ncxd5 Bxd5 19. Nxd5 Bxd2 20. Qxd2
Qd6 21. Rc5 Rfe8 22. Qc3 Re4 23. Rd1 Rae8 24. g3 h6 25. a4 h5 26. h4 Qg6 27.
Nf4 Rxf4 28. Rg5 Nxd4 29. Rxd4 Qb1+ 30. Kg2 Rxd4 31. Qxd4 g6 32. a5 Re1 33.
Qd8+ Kh7 34. Qd5 Kg7 35. Re5 Rg1+ 36. Kh2 Rd1 37. Qf3 Rd3 38. Qf4 Rd7 39. Re8
Qb2 40. Kg2 Qc3 41. Qg5 Rd2 42. Rd8 Rxd8 43. Qxd8 Qf6 44. Qb8 Qc6+ 45. Kg1 Qd5
46. Qc7 Kf6 47. Qb6+ Ke7 48. Qc7+ Ke6 49. Qb6+ Kd7 50. Kh2 Kc8 51. Qb4 Kb8 52.
Qb6 Qd7 53. Qc5 Qc7 54. Qb4 Qd8 55. Qf4+ Qc7 56. Qb4 Ka8 57. Kg1 Qd8 58. Qc5
Qe8 59. Kh2 f5 60. Qd6 Qc6 61. Qd8+ Ka7 62. Qd4+ 1/2-1/2

[Event "FRA-ch"]
[Site "?"]
[Date "1994.??.??"]
[Round "?"]
[White "Sharif, Mershad"]
[Black "Roos, Jean Luc"]
[Result "1-0"]
[WhiteElo "2455"]
[BlackElo "2405"]
[PlyCount "41"]
[EventDate "1994.08.??"]
[Source "ChessBase"]
[SourceDate "1996.11.15"]

1. d4 e6 2. c4 f5 3. e3 Nf6 4. Bd3 c6 5. Nc3 d5 6. Nge2 Bd6 7. f3 O-O 8. O-O b6
9. h3 Ba6 10. b3 Nbd7 11. Bb2 c5 12. cxd5 Bxd3 13. Qxd3 cxd4 14. Nxd4 Nc5 15.
Qc2 exd5 16. Nxf5 Rc8 17. Rad1 Bb8 18. Nxd5 Nxd5 19. Rxd5 Qe8 20. Qc3 Ne6 21.
Qxc8 1-0

[Event "FRA-ch"]
[Site "?"]
[Date "1994.??.??"]
[Round "?"]
[White "Vareille, Francois"]
[Black "Apicella, Manuel"]
[Result "1/2-1/2"]
[WhiteElo "2430"]
[BlackElo "2465"]
[PlyCount "34"]
[EventDate "1994.08.??"]
[Source "ChessBase"]
[SourceDate "1996.11.15"]

1. d4 d5 2. c4 e6 3. Nc3 c6 4. Nf3 dxc4 5. e3 b5 6. a4 Bb4 7. Bd2 a5 8. axb5
Bxc3 9. Bxc3 cxb5 10. b3 Bb7 11. bxc4 b4 12. Bb2 Nf6 13. Bd3 Nbd7 14. O-O Qc7
15. Re1 O-O 16. c5 Bc6 17. Bc2 Rfb8 1/2-1/2